Normal view
MARC view
Entry Personal Name
001 - CONTROL NUMBER
- control field: 32014
003 - CONTROL NUMBER IDENTIFIER
- control field: dpl
005 - DATE AND TIME OF LATEST TRANSACTION
- control field: 20110809114845.0
008 - FIXED-LENGTH DATA ELEMENTS
- fixed length control field: 110809|||a|||||| | ||| d
040 ## - CATALOGING SOURCE
- Original cataloging agency: dpl
- Transcribing agency: dpl
100 ## - HEADING--PERSONAL NAME
- Personal name: Krishna Iyer, V. R.,
- Dates associated with a name: 1915-
670 ## - SOURCE DATA FOUND
- Source citation: Work cat.: (dpl)0: Krishna Iyer, V. R., 1915-, Wake up call for Indian republic /, 2010.
670 ## - SOURCE DATA FOUND
- Source citation: Work cat.: (dpl)0: Krishna Iyer, V. R., 1915-, Wake up call for Indian republic /, 2010.
